000 00288nam a2200121Ia 4500
008 190216s9999||||xx |||||||||||||| ||und||
100 _aGupta S L And Kumar V
245 0 _aSolid State Physics;
260 _bKedernath Ramnath
_c1984
300 _a592p
650 _aPhysics
942 _cBK
999 _c32911
_d32911